Purchasing and supply chain management /

This book is divided into five sections: Understanding the Procurement and Sourcing Process; Strategic Supply Management; Approaches for Managing the Procurement and Sourcing Process; Issues and Activities that Support thr Procurement and Sourcing Process; and Futures Directions.

Na minha lista:
Detalhes bibliográficos
Autor principal: Monczka, Robert M.
Outros Autores: Trent, Robert., Handfield, Robert.
Formato: Livro
Idioma:English
Publicado em: Cincinnati, Ohio : South-Western College, 1998.
Assuntos:
Tags: Adicionar Tag
Sem tags, seja o primeiro a adicionar uma tag!
Thư viện lưu trữ: Mạng thư viện Đại học Đà Nẵng
LEADER 01260cam a2200373 i 4500
001 000047702
003 7393
005 20030313154914.0
008 010321|1998 vm 000 eng
020 |a 0538814950 
040 |a IRC  |c IRC  |d IRC 
041 0 |a eng 
082 1 4 |a 658.72  |b MO-R 
100 1 |a Monczka, Robert M. 
245 0 0 |a Purchasing and supply chain management /  |c Robert Monczka, Robert Trent, Robert Handfield. 
260 |a Cincinnati, Ohio :  |b South-Western College,  |c 1998. 
300 |a xxiv, 776 p. :  |b ill. ;  |c 23cm. 
520 3 |a This book is divided into five sections: Understanding the Procurement and Sourcing Process; Strategic Supply Management; Approaches for Managing the Procurement and Sourcing Process; Issues and Activities that Support thr Procurement and Sourcing Process; and Futures Directions. 
630 0 4 |a Management. 
630 0 4 |a Purchasing. 
650 0 4 |a Industrial management. 
650 0 4 |a Purchasing. 
700 1 |a Trent, Robert. 
700 1 |a Handfield, Robert. 
OWN |a DUT 
999 |a From the UDN01 
TYP |a Monograph 
TYP |a Printed language 
980 |a Mạng thư viện Đại học Đà Nẵng